[Event "Festival de Benidorm - Torneo Femenino"]
[Site "Benidorm ESP"]
[Date "2010.12.09"]
[Round "5.4"]
[White "Perera Borrego, Mariela"]
[Black "Daulyte, Deimante"]
[Result "1/2-1/2"]
[WhiteElo "2077"]
[BlackElo "2283"]
[PlyCount "119"]
[EventDate "2010.12.07"]
[EventRounds "9"]
[EventCountry "ESP"]
[Source "lmi"]
[SourceDate "2010.12.07"]

1. d4 Nf6 2. Nf3 g6 3. c3 Bg7 4. Bg5 O-O 5. Nbd2 d6 6. e4 c5 7. dxc5 dxc5 8.
Bc4 Nc6 9. Qe2 Qc7 10. O-O b6 11. e5 Ng4 12. e6 f5 13. h3 Nf6 14. Qe3 Na5 15.
Rad1 Nxc4 16. Nxc4 Ne4 17. Bf4 Qc6 18. Rfe1 Bxe6 19. Ncd2 Nxd2 20. Rxd2 Bd5 21.
Bh6 Bxf3 22. Bxg7 Rf7 23. Qxf3 Qxf3 24. gxf3 Kxg7 25. Re6 Re8 26. Rd7 Rf6 27.
Re5 a6 28. a4 Kf7 29. a5 Re6 30. Rxe6 Kxe6 31. Ra7 bxa5 32. Rxa6+ Kd5 33. Rxa5
Kc4 34. Ra7 h6 35. Rc7 Kd5 36. Rd7+ Kc6 37. Ra7 Kb6 38. Rd7 g5 39. Kg2 h5 40.
h4 gxh4 41. Kh3 Kc6 42. Rd2 c4 43. Kxh4 Rh8 44. Rd4 Kc5 45. Kg5 e6 46. Kf6 h4
47. Kxe6 h3 48. Rd1 Rb8 49. Rh1 Rxb2 50. Rxh3 f4 51. Rh5+ Kc6 52. Kf5 Rxf2 53.
Ke4 Rc2 54. Kd4 Rf2 55. Rh6+ Kb5 56. Rh5+ Kc6 57. Rh3 Kb5 58. Rh5+ Kc6 59. Rh6+
Kb5 60. Ke5 1/2-1/2

[Event "Festival de Benidorm - Torneo Femenino"]
[Site "Benidorm ESP"]
[Date "2010.12.09"]
[Round "5.5"]
[White "Matnadze, Ana"]
[Black "Guadamuro Torrente, Anabel"]
[Result "1/2-1/2"]
[WhiteElo "2410"]
[BlackElo "2143"]
[PlyCount "78"]
[EventDate "2010.12.07"]
[EventRounds "9"]
[EventCountry "ESP"]
[Source "lmi"]
[SourceDate "2010.12.07"]

1. d4 d5 2. Nf3 Nf6 3. g3 c6 4. Bg2 Bg4 5. O-O e6 6. c4 Nbd7 7. Nc3 Be7 8. b3
h6 9. Bb2 O-O 10. h3 Bf5 11. Ne5 Nxe5 12. dxe5 Nd7 13. e4 dxe4 14. Nxe4 Bxe4
15. Bxe4 Qc7 16. Qe2 a5 17. Bc2 Rfe8 18. Rad1 Nf8 19. Qe3 Red8 20. Bd4 Ra6 21.
Bc5 Bxc5 22. Qxc5 Raa8 23. f4 b6 24. Qe3 c5 25. Kf2 Rxd1 26. Rxd1 Rd8 27. Rxd8
Qxd8 28. Ke2 Qd7 29. Be4 Qd8 30. Qd3 Qxd3+ 31. Kxd3 Nd7 32. Bc6 Nb8 33. Bb5 Kf8
34. Ke4 Ke7 35. g4 g5 36. f5 Kd8 37. f6 Nd7 38. Bxd7 Kxd7 39. a4 Kc6 1/2-1/2

[Event "Festival de Benidorm - Torneo Femenino"]
[Site "Benidorm ESP"]
[Date "2010.12.10"]
[Round "6.1"]
[White "Guramishvili, Sopiko"]
[Black "Guadamuro Torrente, Anabel"]
[Result "1/2-1/2"]
[WhiteElo "2319"]
[BlackElo "2143"]
[PlyCount "98"]
[EventDate "2010.12.07"]
[EventRounds "9"]
[EventCountry "ESP"]
[Source "lmi"]
[SourceDate "2010.12.07"]

1. d4 d5 2. c4 c6 3. Nf3 Nf6 4. e3 a6 5. Bd3 Bg4 6. Nbd2 e6 7. O-O Bf5 8. Qc2
Bxd3 9. Qxd3 dxc4 10. Qxc4 Be7 11. e4 Nbd7 12. b4 a5 13. bxa5 Qxa5 14. Nb3 Qh5
15. Qe2 O-O 16. Bb2 Qg4 17. Rfe1 Bb4 18. Nbd2 Rfd8 19. Qc4 Ba5 20. Bc3 Qh5 21.
Bxa5 Qxa5 22. Reb1 e5 23. Rxb7 exd4 24. e5 Qc3 25. Rc1 Qxc4 26. Rxc4 Ng4 27.
Rxd4 Ndxe5 28. h3 Nxf3+ 29. Nxf3 Rxd4 30. Nxd4 Ne5 31. f4 Nd3 32. Nxc6 Nxf4 33.
a4 Nd5 34. a5 g6 35. Kf2 Ra6 36. Rb5 Rxc6 37. Rxd5 Kf8 38. Ke3 Ke7 39. Rd2 Ra6
40. Ra2 Kd6 41. Kd4 f5 42. Kc4 Kc6 43. Kb4 Ra8 44. Rc2+ Kb7 45. Re2 Rd8 46.
Re7+ Ka6 47. Re6+ Ka7 48. Re7+ Ka6 49. Re6+ Ka7 1/2-1/2

[Event "Festival de Benidorm - Torneo Femenino"]
[Site "Benidorm ESP"]
[Date "2010.12.10"]
[Round "6.2"]
[White "Daulyte, Deimante"]
[Black "Matnadze, Ana"]
[Result "0-1"]
[WhiteElo "2283"]
[BlackElo "2410"]
[PlyCount "78"]
[EventDate "2010.12.07"]
[EventRounds "9"]
[EventCountry "ESP"]
[Source "lmi"]
[SourceDate "2010.12.07"]

1. e4 e5 2. Nf3 Nc6 3. Bb5 g6 4. d4 exd4 5. Bg5 Be7 6. Bxe7 Qxe7 7. O-O Qb4 8.
Bxc6 dxc6 9. Qxd4 Qxd4 10. Nxd4 Bd7 11. Nc3 O-O-O 12. f4 Ne7 13. Rf2 f6 14. Re1
c5 15. Nf3 Rhf8 16. h3 Be6 17. Kh2 Nc6 18. g4 Nd4 19. Kg3 b6 20. a3 Bc4 21. Nb1
Rfe8 22. Nc3 Rd7 23. b3 Bg8 24. h4 Rde7 25. g5 f5 26. e5 Rd8 27. Rd2 Red7 28.
Red1 Nxc2 29. Rxc2 Rxd1 30. Nxd1 Rxd1 31. Nd2 Bd5 32. b4 cxb4 33. axb4 Kd7 34.
Nc4 Rd3+ 35. Kh2 Rd4 36. Ne3 Be6 37. Kg3 Rxb4 38. h5 gxh5 39. Rh2 Rb3 0-1

[Event "Festival de Benidorm - Torneo Femenino"]
[Site "Benidorm ESP"]
[Date "2010.12.10"]
[Round "6.3"]
[White "L'Ami, Alina"]
[Black "Perera Borrego, Mariela"]
[Result "1-0"]
[WhiteElo "2348"]
[BlackElo "2077"]
[PlyCount "91"]
[EventDate "2010.12.07"]
[EventRounds "9"]
[EventCountry "ESP"]
[Source "lmi"]
[SourceDate "2010.12.07"]

1. d4 d5 2. c4 c6 3. Nf3 Nf6 4. Nc3 a6 5. e3 b5 6. b3 Bg4 7. Bd2 e6 8. h3 Bxf3
9. Qxf3 bxc4 10. bxc4 Bb4 11. Rc1 Bxc3 12. Bxc3 Ne4 13. Qd1 Nxc3 14. Rxc3 Qa5
15. Qd2 O-O 16. Bd3 Nd7 17. O-O Nf6 18. Qc2 Rfe8 19. cxd5 cxd5 20. Rc1 Qd8 21.
Rc7 g6 22. a4 Ne4 23. Bxe4 dxe4 24. Qxe4 Qg5 25. Qf3 Qf5 26. Qxf5 gxf5 27. a5
f4 28. Rb1 fxe3 29. fxe3 Rec8 30. Rbb7 Rxc7 31. Rxc7 Rb8 32. Ra7 Rb2 33. Kf1 e5
34. Rxa6 exd4 35. exd4 Rd2 36. Rd6 Kf8 37. g4 Ke7 38. Rh6 Rxd4 39. Rxh7 Rd5 40.
Rh5 Rd2 41. Re5+ Kf6 42. Re2 Rd3 43. Kg2 Kg5 44. Ra2 Kh4 45. a6 Rg3+ 46. Kh1
1-0

[Event "Festival de Benidorm - Torneo Femenino"]
[Site "Benidorm ESP"]
[Date "2010.12.10"]
[Round "6.4"]
[White "Mescheriakova, Evgenia"]
[Black "Pascual Palomo, Lucia"]
[Result "1-0"]
[WhiteElo "2260"]
[BlackElo "2159"]
[PlyCount "138"]
[EventDate "2010.12.07"]
[EventRounds "9"]
[EventCountry "ESP"]
[Source "lmi"]
[SourceDate "2010.12.07"]

1. e4 e6 2. d4 d5 3. exd5 exd5 4. Nc3 Bb4 5. Bd3 Ne7 6. Bg5 Nbc6 7. a3 Bxc3+ 8.
bxc3 f6 9. Bf4 Bf5 10. Rb1 b6 11. Ba6 O-O 12. Ne2 Qd7 13. O-O Nd8 14. Ng3 Bg6
15. Re1 Re8 16. Bb5 c6 17. Be2 Ne6 18. Bd2 Qd6 19. Bg4 f5 20. Bf3 Bf7 21. Qc1
Rf8 22. Ne2 Ng6 23. Bh5 f4 24. a4 Rae8 25. Kh1 Re7 26. a5 c5 27. axb6 axb6 28.
Qb2 Rb7 29. dxc5 Nxc5 30. Bxg6 Bxg6 31. f3 Nd7 32. Qb4 Qxb4 33. Rxb4 Bxc2 34.
Nxf4 Nf6 35. h4 Rd8 36. Re6 b5 37. Be3 Kf7 38. Ra6 Re8 39. Bd4 Rd8 40. Ne6 Re8
41. Nxg7 Re1+ 42. Kh2 Nd7 43. Nh5 Re6 44. Ra2 Bg6 45. Nf4 Rd6 46. h5 Bf5 47. g4
Be6 48. Ra8 Nb8 49. g5 Nc6 50. g6+ hxg6 51. hxg6+ Ke7 52. g7 Bf7 53. Bc5 Nxb4
54. cxb4 Kd7 55. Bxd6 Kxd6 56. Rf8 Ke7 57. Ng6+ Ke6 58. Ne5 Kxe5 59. Rxf7 Rxf7
60. g8=Q Rxf3 61. Qb8+ Ke4 62. Qxb5 d4 63. Kg2 Rf4 64. Qe8+ Kd3 65. b5 Re4 66.
Qg6 Ke3 67. b6 d3 68. Qxe4+ Kxe4 69. Kf2 Kd5 1-0

[Event "Festival de Benidorm - Torneo Femenino"]
[Site "Benidorm ESP"]
[Date "2010.12.10"]
[Round "6.5"]
[White "Nicolas Zapata, Irene"]
[Black "Cerrato Torrijos, Maria"]
[Result "1/2-1/2"]
[WhiteElo "2097"]
[BlackElo "2100"]
[PlyCount "142"]
[EventDate "2010.12.07"]
[EventRounds "9"]
[EventCountry "ESP"]
[Source "lmi"]
[SourceDate "2010.12.07"]

1. d4 Nf6 2. Nc3 d5 3. Bg5 Bf5 4. Bxf6 gxf6 5. e3 Nc6 6. Bd3 Bg6 7. h4 Qd7 8.
h5 Bxd3 9. Qxd3 O-O-O 10. O-O-O Nb4 11. Qe2 e6 12. Nf3 Kb8 13. Kb1 Qd6 14. e4
Qb6 15. a3 dxe4 16. Qxe4 Nd5 17. Nxd5 Rxd5 18. Nd2 Qxd4 19. Qf3 Be7 20. Ne4 Qe5
21. Nc3 Rxd1+ 22. Rxd1 Bd6 23. g4 Qf4 24. Qxf4 Bxf4 25. Ne4 Be5 26. f4 Bxf4 27.
Nxf6 Kc8 28. Rf1 Be5 29. Ne4 f6 30. Nc5 Re8 31. Nd3 Kd7 32. Nxe5+ fxe5 33. Kc1
Ke7 34. Kd2 Rg8 35. Rg1 Kf6 36. Ke3 Kg5 37. Ke4 Rf8 38. Rg2 Rf4+ 39. Kxe5 Rxg4
40. Rh2 b5 41. Kxe6 c5 42. Kd5 c4 43. Kc5 a6 44. Kb6 c3 45. b4 Rd4 46. Rh3 Rd6+
47. Kc7 Rf6 48. Rxc3 Kxh5 49. Rc5+ Kg4 50. c4 bxc4 51. Rxc4+ Kf3 52. Rh4 h6 53.
a4 Kg3 54. Rh1 Rf7+ 55. Kc6 Rf6+ 56. Kc7 Rf7+ 57. Kb6 Rf6+ 58. Ka7 Kg4 59. Rg1+
Kh3 60. b5 axb5 61. axb5 h5 62. b6 h4 63. Rh1+ Kg3 64. Rg1+ Kh2 65. Rg7 h3 66.
b7 Rf8 67. Rc7 Kg1 68. Rc1+ Kg2 69. Rc2+ Kg1 70. Rc8 Rxc8 71. bxc8=Q h2 1/2-1/2

[Event "Festival de Benidorm - Torneo Femenino"]
[Site "Benidorm ESP"]
[Date "2010.12.11"]
[Round "7.1"]
[White "Cerrato Torrijos, Maria"]
[Black "Guramishvili, Sopiko"]
[Result "0-1"]
[WhiteElo "2100"]
[BlackElo "2319"]
[PlyCount "84"]
[EventDate "2010.12.07"]
[EventRounds "9"]
[EventCountry "ESP"]
[Source "lmi"]
[SourceDate "2010.12.07"]

1. e4 c5 2. Nc3 d6 3. Nge2 Nf6 4. d4 cxd4 5. Nxd4 a6 6. h3 Nc6 7. g4 e6 8. Bg2
Nd7 9. O-O Be7 10. Be3 O-O 11. Qe2 Qc7 12. f4 b5 13. a3 Nxd4 14. Bxd4 Bb7 15.
Rad1 Nb6 16. f5 Nc4 17. Nb1 e5 18. Bc3 Qc5+ 19. Rf2 Bh4 20. Rd3 a5 21. b4 Qxf2+
22. Qxf2 Bxf2+ 23. Kxf2 a4 24. Ke2 Rfd8 25. Be1 Rac8 26. g5 Nb2 27. Rd2 f6 28.
gxf6 gxf6 29. Bf3 Kf7 30. Bf2 Ke7 31. h4 Rd7 32. h5 Rdc7 33. c3 Nc4 34. Rd1 Rg8
35. Rd3 Bc6 36. Rd1 Be8 37. h6 Bf7 38. Bh4 Rd7 39. Bf2 Rg5 40. Bh4 Rh5 41. Bf2
Rxh6 42. Rg1 Rd8 0-1

[Event "Festival de Benidorm - Torneo Femenino"]
[Site "Benidorm ESP"]
[Date "2010.12.11"]
[Round "7.2"]
[White "Pascual Palomo, Lucia"]
[Black "Nicolas Zapata, Irene"]
[Result "1/2-1/2"]
[WhiteElo "2159"]
[BlackElo "2097"]
[PlyCount "118"]
[EventDate "2010.12.07"]
[EventRounds "9"]
[EventCountry "ESP"]
[Source "lmi"]
[SourceDate "2010.12.07"]

1. e4 c5 2. Nf3 d6 3. d4 cxd4 4. Nxd4 Nf6 5. Nc3 Nc6 6. f3 g6 7. Be3 Bg7 8. Qd2
O-O 9. Bc4 Bd7 10. O-O-O Rb8 11. h4 b5 12. Ndxb5 Ne5 13. Be2 Qa5 14. Nd4 Qb4
15. Nb3 Rfc8 16. Ba6 Nc4 17. Bxc4 Rxc4 18. Bxa7 Rbc8 19. Kb1 Rxc3 20. bxc3 Qa3
21. Bd4 e5 22. Be3 Ra8 23. Qxd6 Qxa2+ 24. Kc1 Be6 25. Qb6 Nd7 26. Qb7 Bf6 27.
Bg5 Rb8 28. Rxd7 Rxb7 29. Rxb7 Bxg5+ 30. hxg5 Bxb3 31. Rxb3 Qa1+ 32. Rb1 Qxc3
33. Rb8+ Kg7 34. Rd1 Qe3+ 35. Rd2 Qxg5 36. c4 Qe3 37. Kc2 f5 38. exf5 gxf5 39.
Rb7+ Kg6 40. Rd6+ Kg5 41. Rg7+ Kh5 42. Rxh7+ Kg5 43. Rg7+ Kh5 44. Rdg6 e4 45.
Rg3 Qd3+ 46. Kb2 Kh6 47. R7g6+ Kh7 48. Rg7+ Kh6 49. R3g6+ Kh5 50. g4+ fxg4 51.
fxg4+ Kh4 52. Rh6+ Kg3 53. Rgh7 Qxc4 54. g5 Qb5+ 55. Kc3 Qd3+ 56. Kb4 Qd4+ 57.
Kb3 Qd3+ 58. Kb4 Qd4+ 59. Kb5 Qd3+ 1/2-1/2

[Event "Festival de Benidorm - Torneo Femenino"]
[Site "Benidorm ESP"]
[Date "2010.12.11"]
[Round "7.3"]
[White "Perera Borrego, Mariela"]
[Black "Mescheriakova, Evgenia"]
[Result "0-1"]
[WhiteElo "2077"]
[BlackElo "2260"]
[PlyCount "78"]
[EventDate "2010.12.07"]
[EventRounds "9"]
[EventCountry "ESP"]
[Source "lmi"]
[SourceDate "2010.12.07"]

1. d4 e6 2. e3 c5 3. Nf3 Nf6 4. Bd3 Be7 5. O-O d6 6. b3 Nc6 7. Bb2 Qc7 8. a3
O-O 9. Nbd2 b6 10. dxc5 bxc5 11. Nc4 Rd8 12. Qe2 Nd5 13. g3 Bf6 14. c3 Nb6 15.
Nxb6 Qxb6 16. Qc2 h6 17. Rfe1 a5 18. Rab1 Rb8 19. Bc1 Ba6 20. e4 c4 21. bxc4
Qxb1 22. Qxb1 Rxb1 23. Bxb1 Bxc4 24. Bf4 g5 25. Be3 Bxc3 26. Rc1 Rb8 27. Kg2 g4
28. Nd2 Bxd2 29. Bxd2 d5 30. Bxh6 Rb2 31. Bg5 Kg7 32. Re1 f6 33. Bh4 d4 34. Rc1
Ne5 35. Bc2 d3 36. Bd1 d2 37. Ra1 Bd3 38. f3 gxf3+ 39. Kf2 Bxe4 0-1

[Event "Festival de Benidorm - Torneo Femenino"]
[Site "Benidorm ESP"]
[Date "2010.12.11"]
[Round "7.4"]
[White "Matnadze, Ana"]
[Black "L'Ami, Alina"]
[Result "1/2-1/2"]
[WhiteElo "2410"]
[BlackElo "2348"]
[PlyCount "56"]
[EventDate "2010.12.07"]
[EventRounds "9"]
[EventCountry "ESP"]
[Source "lmi"]
[SourceDate "2010.12.07"]

1. d4 Nf6 2. Nf3 g6 3. g3 Bg7 4. Bg2 O-O 5. O-O d6 6. c4 Nc6 7. Nc3 a6 8. d5
Na5 9. Nd2 c5 10. Rb1 Rb8 11. b3 b5 12. Bb2 Bh6 13. Ba1 Bf5 14. e4 Bg4 15. f3
Be3+ 16. Kh1 Bd7 17. Ne2 bxc4 18. Nxc4 Nxc4 19. bxc4 Qc7 20. Qd3 Bh6 21. h3
Rxb1 22. Rxb1 Rb8 23. f4 Rxb1+ 24. Qxb1 Bg7 25. Bc3 Bc8 26. Qb3 Nd7 27. Bd2 Qb7
28. Ba5 Kf8 1/2-1/2

[Event "Festival de Benidorm - Torneo Femenino"]
[Site "Benidorm ESP"]
[Date "2010.12.11"]
[Round "7.5"]
[White "Guadamuro Torrente, Anabel"]
[Black "Daulyte, Deimante"]
[Result "0-1"]
[WhiteElo "2143"]
[BlackElo "2283"]
[PlyCount "114"]
[EventDate "2010.12.07"]
[EventRounds "9"]
[EventCountry "ESP"]
[Source "lmi"]
[SourceDate "2010.12.07"]

1. e4 e5 2. Nf3 Nc6 3. Bc4 Nf6 4. d3 h6 5. Nbd2 d6 6. c3 g6 7. Bb3 Bg7 8. O-O
O-O 9. Nc4 Qe7 10. Re1 Bd7 11. Qe2 Rae8 12. Ne3 Qd8 13. Nd5 Nxd5 14. Bxd5 Be6
15. Bxe6 Rxe6 16. Bd2 d5 17. Qd1 Rd6 18. Qc2 Qd7 19. c4 dxc4 20. dxc4 Rd8 21.
Bc3 b6 22. a4 a5 23. h3 h5 24. Nh2 Rd3 25. Nf1 Nb4 26. Bxb4 axb4 27. Ne3 b3 28.
Qxd3 Qxd3 29. Rad1 Qd2 30. Rxd2 Rxd2 31. Rb1 Bf8 32. Nd5 Bc5 33. Nxc7 Rxf2 34.
Kh2 Rc2 35. Nb5 Rxc4 36. Nc3 Bd4 37. Nb5 Rxa4 38. Nxd4 Rxd4 39. Rc1 Rd2 40. Rc6
Rxb2 41. Rxb6 Re2 42. Rxb3 Rxe4 43. Kg3 Kg7 44. Kf3 Rf4+ 45. Ke3 Kf6 46. g3 Ra4
47. Kf3 h4 48. g4 Kg5 49. Rc3 f5 50. gxf5 gxf5 51. Rb3 Rd4 52. Rb8 Rd3+ 53. Kg2
Kf4 54. Rb2 Ke3 55. Rb5 Rd2+ 56. Kg1 Kf4 57. Rb3 e4 0-1

[Event "Festival de Benidorm - Torneo Femenino"]
[Site "Benidorm ESP"]
[Date "2010.12.11"]
[Round "8.1"]
[White "Guramishvili, Sopiko"]
[Black "Daulyte, Deimante"]
[Result "1-0"]
[WhiteElo "2319"]
[BlackElo "2283"]
[PlyCount "97"]
[EventDate "2010.12.07"]
[EventRounds "9"]
[EventCountry "ESP"]
[Source "lmi"]
[SourceDate "2010.12.07"]

1. Nf3 Nf6 2. c4 g6 3. b4 Bg7 4. Bb2 O-O 5. e3 d5 6. d4 dxc4 7. Bxc4 Nbd7 8.
Nbd2 Nb6 9. Bd3 Nfd5 10. a3 e5 11. O-O exd4 12. Bxd4 Bxd4 13. Nxd4 Nd7 14. Qb3
Ne5 15. Be4 Nf6 16. Rac1 c6 17. Bb1 Re8 18. h3 Be6 19. Qb2 Ned7 20. Nxe6 Rxe6
21. Ba2 Re8 22. Nc4 Qe7 23. Rfd1 Nd5 24. e4 Nf4 25. Nd6 Ne5 26. Nxe8 Rxe8 27.
Rc3 h5 28. Qd2 Qf6 29. Bc4 h4 30. Bf1 Kh7 31. Qe3 b6 32. Rc2 Ne6 33. Rd6 Qe7
34. Rcd2 g5 35. a4 c5 36. bxc5 bxc5 37. R6d5 Qf6 38. Rc2 Rb8 39. Qc3 Nd4 40.
Qxc5 Ndf3+ 41. gxf3 Nxf3+ 42. Kh1 Qf4 43. Qc7 Qxe4 44. Qxf7+ Kh8 45. Qf6+ Kg8
46. Rd8+ Rxd8 47. Qxd8+ Kg7 48. Rc7+ Kg6 49. Bd3 1-0

[Event "Festival de Benidorm - Torneo Femenino"]
[Site "Benidorm ESP"]
[Date "2010.12.11"]
[Round "8.2"]
[White "L'Ami, Alina"]
[Black "Guadamuro Torrente, Anabel"]
[Result "1-0"]
[WhiteElo "2348"]
[BlackElo "2143"]
[PlyCount "121"]
[EventDate "2010.12.07"]
[EventRounds "9"]
[EventCountry "ESP"]
[Source "lmi"]
[SourceDate "2010.12.07"]

1. d4 d5 2. c4 c6 3. Nf3 Nf6 4. e3 a6 5. Bd3 Bg4 6. Nbd2 e6 7. O-O Bf5 8. Bxf5
exf5 9. cxd5 cxd5 10. Qb3 Ra7 11. Ne5 Bd6 12. Ndf3 O-O 13. Bd2 Nbd7 14. Rac1
Re8 15. Bb4 Bxb4 16. Qxb4 Nxe5 17. dxe5 Ne4 18. Rfd1 b5 19. Rc6 Qd7 20. Rdc1 g5
21. Ne1 g4 22. Nd3 Qd8 23. Qd4 Rd7 24. Nf4 a5 25. e6 fxe6 26. Rxe6 Rxe6 27.
Nxe6 Qe8 28. Nc7 Qe7 29. Nxb5 Qh4 30. Rc2 Qe7 31. Nc3 Nf6 32. Ne2 Qb4 33. Qxb4
axb4 34. f3 Ra7 35. b3 Kf7 36. Nd4 Kg6 37. Kf2 h5 38. Nc6 Rb7 39. Rd2 Rb6 40.
Ne7+ Kg5 41. Ke2 gxf3+ 42. gxf3 Rb5 43. Rd4 h4 44. Rf4 d4 45. Rxd4 Ra5 46. Rd2
Ra6 47. Nc8 Ra8 48. Nd6 Kg6 49. Nc4 Kf7 50. Ne5+ Ke6 51. Nd3 Nd5 52. Nc5+ Kd6
53. e4 fxe4 54. fxe4 Kxc5 55. Rxd5+ Kc6 56. Rd2 Rg8 57. Kf3 h3 58. e5 Rg5 59.
e6 Rg7 60. Re2 Re7 61. Ke4 1-0

[Event "Festival de Benidorm - Torneo Femenino"]
[Site "Benidorm ESP"]
[Date "2010.12.11"]
[Round "8.3"]
[White "Mescheriakova, Evgenia"]
[Black "Matnadze, Ana"]
[Result "1/2-1/2"]
[WhiteElo "2260"]
[BlackElo "2410"]
[PlyCount "52"]
[EventDate "2010.12.07"]
[EventRounds "9"]
[EventCountry "ESP"]
[Source "lmi"]
[SourceDate "2010.12.07"]

1. e4 c5 2. Nf3 d6 3. d4 cxd4 4. Nxd4 Nf6 5. Nc3 Nc6 6. Bc4 Bd7 7. O-O g6 8.
Nxc6 Bxc6 9. Nd5 Bxd5 10. exd5 Bg7 11. Bg5 O-O 12. Re1 Qd7 13. Qf3 Rfc8 14. Bb3
b5 15. c3 a5 16. a3 Rc7 17. h3 Rb8 18. Re2 Qc8 19. Rae1 Rbb7 20. Qf4 Qb8 21.
Qd2 Qf8 22. Bf4 h6 23. Bg3 Qc8 24. Bh4 g5 25. Bg3 Qf5 26. Bc2 Qc8 1/2-1/2

[Event "Festival de Benidorm - Torneo Femenino"]
[Site "Benidorm ESP"]
[Date "2010.12.11"]
[Round "8.4"]
[White "Nicolas Zapata, Irene"]
[Black "Perera Borrego, Mariela"]
[Result "1-0"]
[WhiteElo "2097"]
[BlackElo "2077"]
[PlyCount "127"]
[EventDate "2010.12.07"]
[EventRounds "9"]
[EventCountry "ESP"]
[Source "lmi"]
[SourceDate "2010.12.07"]

1. d4 d5 2. c4 c6 3. Nc3 Nf6 4. Nf3 a6 5. e3 b5 6. b3 Bg4 7. h3 Bxf3 8. Qxf3 e5
9. dxe5 Bb4 10. Bd2 Bxc3 11. Bxc3 Ne4 12. Bb4 bxc4 13. Qg4 c5 14. f3 cxb4 15.
fxe4 O-O 16. exd5 cxb3 17. axb3 Qxd5 18. Bc4 Qxe5 19. O-O Nc6 20. Kh1 Qe7 21.
Bd5 Ne5 22. Qd4 Rac8 23. Rxa6 Rc7 24. Rb6 Nd7 25. Rxb4 Nf6 26. Rc4 Rd7 27. e4
Rfd8 28. Rc5 Kh8 29. Qc4 h6 30. Rc8 Qe5 31. Qc3 Qd6 32. Rxd8+ Rxd8 33. Qf3 Qe5
34. Qf5 Qd4 35. Qf2 Qc3 36. Qf3 Qe5 37. Qf4 Qd4 38. Qc7 Rf8 39. Qc4 Qe3 40. Rf3
Qe1+ 41. Kh2 Qh4 42. e5 Qxc4 43. Bxc4 Nd7 44. Re3 Nb6 45. Kg3 Nxc4 46. bxc4 Rc8
47. Rc3 Kg8 48. Kf3 Kf8 49. Ke4 Ke7 50. Kd4 Ke6 51. Ra3 Rc7 52. Ra6+ Kf5 53.
Kd5 Re7 54. e6 fxe6+ 55. Kd6 Rb7 56. c5 e5 57. c6 Rf7 58. c7 Rf8 59. Rb6 Ke4
60. Rb8 Rf6+ 61. Kc5 Rf2 62. c8=Q Rc2+ 63. Kd6 Rxc8 64. Rxc8 1-0

[Event "Festival de Benidorm - Torneo Femenino"]
[Site "Benidorm ESP"]
[Date "2010.12.11"]
[Round "8.5"]
[White "Cerrato Torrijos, Maria"]
[Black "Pascual Palomo, Lucia"]
[Result "0-1"]
[WhiteElo "2100"]
[BlackElo "2159"]
[PlyCount "38"]
[EventDate "2010.12.07"]
[EventRounds "9"]
[EventCountry "ESP"]
[Source "lmi"]
[SourceDate "2010.12.07"]

1. e4 e6 2. d4 d5 3. Nd2 dxe4 4. Nxe4 Nd7 5. Nf3 Ngf6 6. Bd3 Nxe4 7. Bxe4 Nf6
8. Bd3 c5 9. Bg5 cxd4 10. Nxd4 Bc5 11. Nb3 Be7 12. Qe2 Bd7 13. O-O-O Qc7 14.
Kb1 Bc6 15. Nd4 a6 16. Nxc6 bxc6 17. g4 Rb8 18. Rhe1 Nd5 19. Bxe7 Nc3+ 0-1

[Event "Festival de Benidorm - Torneo Femenino"]
[Site "Benidorm ESP"]
[Date "2010.12.12"]
[Round "9.1"]
[White "Pascual Palomo, Lucia"]
[Black "Guramishvili, Sopiko"]
[Result "1/2-1/2"]
[WhiteElo "2159"]
[BlackElo "2319"]
[PlyCount "62"]
[EventDate "2010.12.07"]
[EventRounds "9"]
[EventCountry "ESP"]
[Source "lmi"]
[SourceDate "2010.12.07"]

1. e4 c5 2. Nf3 d6 3. d4 cxd4 4. Nxd4 Nf6 5. Nc3 a6 6. Be2 e5 7. Nb3 Be7 8. O-O
O-O 9. a4 Nc6 10. Bf3 Nb4 11. a5 Bd7 12. Be3 Rc8 13. Bb6 Qe8 14. Re1 Be6 15.
Nd2 Bd8 16. Bxd8 Qxd8 17. Nb3 Bxb3 18. cxb3 Nc6 19. Nd5 Nxd5 20. Qxd5 Nb4 21.
Qxb7 Nc2 22. Qxa6 Nxe1 23. Rxe1 Ra8 24. Qd3 Qxa5 25. Rd1 Rfd8 26. h3 Rab8 27.
Be2 Qb4 28. Qd5 Qxb3 29. Bc4 Qxb2 30. Qxf7+ Kh8 31. Qh5 Rf8 1/2-1/2

[Event "Festival de Benidorm - Torneo Femenino"]
[Site "Benidorm ESP"]
[Date "2010.12.12"]
[Round "9.2"]
[White "Perera Borrego, Mariela"]
[Black "Cerrato Torrijos, Maria"]
[Result "0-1"]
[WhiteElo "2077"]
[BlackElo "2100"]
[PlyCount "68"]
[EventDate "2010.12.07"]
[EventRounds "9"]
[EventCountry "ESP"]
[Source "lmi"]
[SourceDate "2010.12.07"]

1. d4 Nf6 2. Nf3 e6 3. e3 c5 4. Bd3 b6 5. O-O Bb7 6. c4 Be7 7. Nc3 cxd4 8. exd4
d5 9. cxd5 Nxd5 10. Ne5 O-O 11. Qh5 g6 12. Qh3 Nc6 13. Bh6 Re8 14. Bb5 Nxd4 15.
Bxe8 Qxe8 16. Nxd5 Bxd5 17. Rfd1 Nf5 18. Bf4 Qa4 19. Bd2 Nh4 20. Nf3 Nxf3+ 21.
gxf3 Bf6 22. Bc3 Bxc3 23. bxc3 Qc4 24. Rac1 Qxa2 25. Qg4 Qe2 26. Kg2 b5 27. Qf4
Rc8 28. Qe3 Qc4 29. Qxa7 Qg4+ 30. Kf1 Qxf3 31. Qe3 Qh1+ 32. Ke2 Qxh2 33. Rxd5
exd5 34. Rb1 Qc7 0-1

[Event "Festival de Benidorm - Torneo Femenino"]
[Site "Benidorm ESP"]
[Date "2010.12.12"]
[Round "9.3"]
[White "Matnadze, Ana"]
[Black "Nicolas Zapata, Irene"]
[Result "1/2-1/2"]
[WhiteElo "2410"]
[BlackElo "2097"]
[PlyCount "41"]
[EventDate "2010.12.07"]
[EventRounds "9"]
[EventCountry "ESP"]
[Source "lmi"]
[SourceDate "2010.12.07"]

1. d4 d5 2. g3 Nf6 3. Bg2 c5 4. c4 cxd4 5. Nf3 Qa5+ 6. Nbd2 dxc4 7. Nxd4 e5 8.
Nc2 Nc6 9. O-O Be6 10. Bxc6+ bxc6 11. Ne3 c3 12. Ndc4 Qc7 13. Qa4 Bc5 14. bxc3
O-O 15. Ba3 Bxa3 16. Qxa3 Rfd8 17. Rab1 Rab8 18. Qa5 Qxa5 19. Nxa5 Rbc8 20. Rb2
Nd5 21. c4 1/2-1/2

[Event "Festival de Benidorm - Torneo Femenino"]
[Site "Benidorm ESP"]
[Date "2010.12.12"]
[Round "9.4"]
[White "Guadamuro Torrente, Anabel"]
[Black "Mescheriakova, Evgenia"]
[Result "1/2-1/2"]
[WhiteElo "2143"]
[BlackElo "2260"]
[PlyCount "31"]
[EventDate "2010.12.07"]
[EventRounds "9"]
[EventCountry "ESP"]
[Source "lmi"]
[SourceDate "2010.12.07"]

1. e4 e5 2. Nf3 Nc6 3. Bc4 Bc5 4. c3 Nf6 5. d3 d6 6. Bb3 h6 7. Nbd2 O-O 8. O-O
Bg4 9. Re1 Re8 10. Nf1 Ne7 11. h3 Be6 12. Ng3 Ng6 13. Bxe6 fxe6 14. d4 exd4 15.
cxd4 Bb6 16. Qc2 1/2-1/2